000 00769nam a2200265Ia 4500
005 20260121172517.0
008 008 260114s9999 xx 000 0 eng d
020 _a9781484268490
037 _aEBOOK
040 _aCRL
040 _beng
040 _cCRL
041 _2eng
041 _aeng
084 _qCRL
100 _aHenry Zárate Ceballos, Jorge Ernesto Parra Amaris, Hernan Jiménez Jiménez, Diego Alexis Romero Rincón, Oscar Agudelo Rojas, Jorge Eduardo Ortiz Triviño
_91089314
245 0 _aWireless Network Simulation
260 _bSpringer
260 _bSpringer
260 _c2021
856 _uhttps://link.springer.com/openurl?genre=book&isbn=978-1-4842-6849-0
942 _cEBOOK
999 _c1655053
_d1655053